000 00865nam a2200217 a 4500
001 000033791
003 DO-SdBNP
005 20220901105011.0
008 110912m18911892dr 000 0 spa d
040 _aDO-SdBNP
_bspa
_cBNPHU
082 _axxxx
_bG825h
100 1 _aGrellier, Roche
_959211
245 1 0 _aHaiti : son passe, son avenir ; Etudes économiques sur Haiti ; Haiti: La politique a suivre /
_cRoche Grellier.
260 _aParís :
_bArthur Rousseau,
_c1891-
_c1892.
300 _a152, 120, 93 p. ;
_c21 cm.
501 _aEncuadernado con: Etudes économiques sur Haiti -- Haiti : La politique a suivre
563 _aTres obras encuadernadas juntas con paginación independiente
700 1 _aGrellier, Roche
_tEtudes économiques sur Haiti
_f1891
_959212
700 1 _aGrellier, Roche,
_tHaiti : La politique a suivre
_f1892
_959213
942 _2ddc
_cLBS1
999 _c33282
_d33282